| 000 | 01072nam a22003017a 4500 | ||
|---|---|---|---|
| 001 | 6804 | ||
| 003 | FISKH | ||
| 005 | 20250828145103.0 | ||
| 008 | 250528b cb ||||| |||| 00| 0 eng d | ||
| 020 | _a9781404803268 | ||
| 040 |
_aFISKH _beng _cFISKH _dFISKH |
||
| 050 | _aQL857.K44 | ||
| 082 | _a573.3 | ||
| 100 | _aKee, Lisa Morris | ||
| 245 |
_aWhose mouth Is this? : _bA look at bills, suckers, and tubes / _cWritten by Lisa Morris kee ; Illustrated by Ken Landmark |
||
| 260 |
_aMinnesota : _bPicture Window Books, _c2003. |
||
| 300 |
_a24 pages : _bcolor illustrations ; _c26 cm |
||
| 490 | _aWhose is it ? science | ||
| 505 | _aN | ||
| 520 | _aExplores the variety of mouths found in the animal kingdom, including the puffin's bill, howler monkey's mouth, and butterfly's tube, and describes how they are used. | ||
| 521 | 8 |
_a530
_bLexile AD |
|
| 521 | 8 |
_aN
_bRaz-Plus |
|
| 650 |
_aAdaptations _vGeneral _xLife science |
||
| 650 |
_aAnatomy _vAnimals |
||
| 700 |
_aLandmark, Ken _eillustrator |
||
| 942 |
_2ddc _cBK _n0 |
||
| 999 |
_c6804 _d6804 |
||